书目信息 |
| 题名: |
美肌的力量
|
|
| 作者: | 佐藤富雄 著 | |
| 分册: | ||
| 出版信息: | 沈阳 辽宁科学技术出版社 2008.05 |
|
| 页数: | 152页 | |
| 开本: | 20cm | |
| 丛书名: | ||
| 单 册: | ||
| 中图分类: | TS974.1 | |
| 科图分类: | ||
| 主题词: | 沐浴--服务业 , 理发--服务业 , 沐浴 , 理发 | |
| 电子资源: | ||
| ISBN: | 978-7-5381-5343-9 | |
| 000 | 00666nam0 2200253 45 | |
| 001 | 0929912797 | |
| 005 | 20091018163926.45 | |
| 010 | @a978-7-5381-5343-9@dCNY20.00 | |
| 100 | @a20090515d2008 ekmy0 y0120 ea | |
| 102 | @aCN@b130000 | |
| 102 | @aCN@b210000 | |
| 105 | @ay z 000yy | |
| 200 | 1 | @a美肌的力量@f佐藤富雄著@Fzuo teng fu xiong zhu |
| 210 | @a沈阳@c辽宁科学技术出版社@d2008.05 | |
| 215 | @a152页@d20cm | |
| 606 | 0 | @a沐浴@x服务业 |
| 606 | 0 | @a理发@x服务业 |
| 606 | 0 | @a沐浴 |
| 606 | 0 | @a理发 |
| 690 | @aTS974.1@v4 | |
| 701 | 0 | @a佐藤富雄@Azuo teng fu xiong@4著 |
| 801 | 0 | @aCN@c20091018 |
| 905 | @a10447@dTS974.1@eZ994 | |
| 906 | @d20@n3@r1 | |
| 美肌的力量/佐藤富雄著.-沈阳:辽宁科学技术出版社,2008.05 |
| 152页;20cm |
| ISBN 978-7-5381-5343-9:CNY20.00 |
| ● |
| 相关链接 |
|
|
|
正题名:美肌的力量
索取号:TS974.1/Z994
 
预约/预借
| 序号 | 登录号 | 条形码 | 馆藏地/架位号 | 状态 | 备注 |
| 1 | 891236 | 208912364 | 自科库501/501自科库 46排1列4层/ [索取号:TS974.1/Z994] | 在馆 | |
| 2 | 891237 | 208912373 | 自科库501/501自科库 46排1列4层/ [索取号:TS974.1/Z994] | 在馆 | |
| 3 | 891238 | 208912382 | 自科库501/501自科库 46排1列4层/ [索取号:TS974.1/Z994] | 在馆 |